000 00476nam a22001937a 4500
003 OSt
005 20140310181802.0
008 130703t xxu||||| |||| 00| 0 eng d
020 _a0192801058
050 _aD 9
_b.D554 2000
082 _aREF 903
_bD56 2000
245 _aA Dictionary of world history :
260 _aOxford :
_bOxford University Press,
_cc2000.
300 _a697 p.
_c19 cm.
521 _a
541 _j1
562 _e1
942 _2lcc
_cBK-GR
_kREF
999 _c3658
_d3658